| 000 | 00806nam a2200253 a 4500 | ||
|---|---|---|---|
| 001 | 000038959 | ||
| 003 | OSt | ||
| 005 | 20260321073643.0 | ||
| 008 | 110408s2012 dr a 000 0 spa d | ||
| 020 | _a9789945874068 | ||
| 040 |
_aDO-SdBNP _bspa _cBNPHU |
||
| 082 | 4 |
_a972.93 _bB742i, 2012 _222 |
|
| 100 | 1 |
_a Bosch, Juan, _d1909-2001 _976555 |
|
| 245 | 1 | 0 |
_aIndios : _bapuntes históricos y leyendas / _cJuan Bosch. |
| 260 |
_aSanto Domingo : _bFundación Juan Bosch, _c2012. |
||
| 300 |
_a75 p. : _bil. ; _c21 cm. |
||
| 490 | 1 | _aBosch para todos | |
| 504 | _aBibliografía : p. 74 | ||
| 650 | 4 |
_aIndigenas de las antillas _zHaiti _944143 |
|
| 650 | 4 |
_aIndigenas de las antillas _xLeyendas _944154 |
|
| 830 | 0 |
_aBosch para todos _965220 |
|
| 910 | _aValidado. Control de calidad MFF | ||
| 942 |
_2ddc _cLBS1 |
||
| 999 |
_c38449 _d38449 |
||